A dictionary of neuropsychology / (Record no. 8518)
[ view plain ]
| 000 -LEADER | |
|---|---|
| fixed length control field | 00685cam a2200217 a 4500 |
| 001 - CONTROL NUMBER | |
| control field | 1508600 |
| 005 - DATE AND TIME OF LATEST TRANSACTION | |
| control field | 20251209143547.0 |
| 008 - FIXED-LENGTH DATA ELEMENTS--GENERAL INFORMATION | |
| fixed length control field | 890809s1989 nyu bd 000 0 eng c |
| 020 ## - INTERNATIONAL STANDARD BOOK NUMBER | |
| International Standard Book Number | 0387971238 |
| 020 ## - INTERNATIONAL STANDARD BOOK NUMBER | |
| International Standard Book Number | 9780387971230 |
| 050 00 - LIBRARY OF CONGRESS CALL NUMBER | |
| Classification number | QP360 |
| Item number | .G66 1989 |
| 082 00 - DEWEY DECIMAL CLASSIFICATION NUMBER | |
| Classification number | 612.8/03 |
| Edition information | 20 |
| 100 1# - MAIN ENTRY--PERSONAL NAME | |
| Personal name | Goodwin, Diana M. |
| 245 12 - TITLE STATEMENT | |
| Title | A dictionary of neuropsychology / |
| Statement of responsibility, etc. | Diana M. Goodwin. |
| 260 ## - PUBLICATION, DISTRIBUTION, ETC. | |
| Place of publication, distribution, etc. | New York : |
| Name of publisher, distributor, etc. | Springer-Verlag, |
| Date of publication, distribution, etc. | c1989. |
| 300 ## - PHYSICAL DESCRIPTION | |
| Extent | 325 p. ; |
| Dimensions | 24 cm. |
| 650 #0 - SUBJECT ADDED ENTRY--TOPICAL TERM | |
| Topical term or geographic name entry element | Neuropsychology |
| General subdivision | Dictionaries. |
| 650 #2 - SUBJECT ADDED ENTRY--TOPICAL TERM | |
| Topical term or geographic name entry element | Neuropsychology |
| General subdivision | dictionaries. |
| 856 42 - ELECTRONIC LOCATION AND ACCESS | |
| Materials specified | Publisher description |
| Uniform Resource Identifier | <a href="http://www.loc.gov/catdir/enhancements/fy1005/89021704-d.html">http://www.loc.gov/catdir/enhancements/fy1005/89021704-d.html</a> |
| 942 ## - ADDED ENTRY ELEMENTS (KOHA) | |
| Source of classification or shelving scheme | Library of Congress Classification |
| Koha item type | Books |
| Suppress in OPAC | No |
| 999 ## - | |
| -- | 8518 |
| -- | 8518 |
| Withdrawn status | Lost status | Source of classification or shelving scheme | Damaged status | Not for loan | Collection | Home library | Current library | Shelving location | Date acquired | Total checkouts | Full call number | Barcode | Date last seen | Copy number | Price effective from | Koha item type |
|---|---|---|---|---|---|---|---|---|---|---|---|---|---|---|---|---|
| Library of Congress Classification | Non-fiction | Science Library (Miotso) | Science Library (Miotso) | Reference | 12/09/2025 | QP360 .G66 GOO | SLM00006540 | 12/09/2025 | 1 | 12/09/2025 | Books |